000 00404nam a22001697a 4500
999 _c10433
_d10433
003 OSt
008 210209b ||||| |||| 00| 0 eng d
020 _a9788123923192
082 _a 615.1 JAH
100 _aJain,NK
245 _aHealth Education and Community Pharmacy
250 _a2nd
260 _aNew Delhi
_bCBS Pub
_c2019
300 _a274
650 _aCommunity Pharmacy
942 _2ddc
_cBK
_01